000 00740nam a2200217Ia 4500
008 140609s9999 xx 000 0 und d
020 _a9780415892612
050 _aRC 455.2.M38
_b.L84 2012
100 _aLuepker, Ellen T.
245 _aRecord keeping in psychotherapy and counseling :
_bprotecting confidentiality and the professional relationship /
_cEllen T. Luepker
250 _a2nd ed.
260 _aNew York, NY :
_bRoutledge,
_cc2012.
300 _a306 p. :
_bill. ;
_c23 cm.
_e+ 1 CD-ROM (4 3/4 in).
500 _aIncludes bibliographical references, appendices and index.
521 _aPSYCH
650 _aApplied psychology.
650 _aCounseling.
650 _aMental health.
942 _kFOR
_cBK
999 _c117941
_d117941